Introduction to aquaculture
| Main Author: | |
|---|---|
| Format: | Book |
| Published: |
New York: Chichester :
Wiley ,
1992
|
| Subjects: |
MARC
| LEADER | 00000cam a2200000 7i4500 | ||
|---|---|---|---|
| 001 | 0000003737 | ||
| 005 | 20110503.0 | ||
| 020 | 0 | 0 | |a 0471611468 |
| 090 | 0 | 0 | |a 639.8 |b MATT 1992 |
| 100 | 0 | 0 | |a Landau, Matthew |
| 245 | 1 | 3 | |a Introduction to aquaculture |
| 260 | 0 | 0 | |a New York: Chichester : |b Wiley , |c 1992 |
| 300 | |a xv, 440 p. : |b ill. ; |c 26 cm. | ||
| 650 | 0 | 0 | |a Aquaculture |
| 999 | |a 006992 |b Monograph |c Open Shelf |e Default branch | ||